000 00750nam a22002057a 4500
999 _c19729
_d19729
003 AR-CdUCM
008 190517b ||||| |||| 00| 0 spa d
040 _aMUNICIPALIDAD PROVINCIAL DEL CUSCO
_cBIBLIOTECA MUNICIPAL DEL CUSCO
082 _a340.1 /
_bD97
100 _aDujovne, Leòn
_93631
245 _aLa filosofía del derecho de Hegel a Kelsen /
260 _aBuenos Aires :
_bOmeba,
_c1963.
300 _a485 páginas ;
_c25 cm.
505 _aContenido : La filosofía del derecho como reflexión sobre el derecho con la independencia -- La filosofía práctica...
650 _aSociología del derecho
_941266
650 _aFilosofía del derecho
_919771
650 _aPrincipios de derecho
_941267
942 _2ddc
_cLIBROS
945 _arcc